000 00522cam a2200193ua 4500
001 11655
008 191015n ii |||gr||||Z||||||eng
020 _a9788193070307
040 _cMAIN
082 _a303.4095
100 _aGernot Saalmann. ,
_eAuthor.,
245 _aChanging India :
_byesterday, today and tomorrow /
_cBy Gernot Saalmann.
250 _a1st ed.
260 _a[s.l]:
_bWinshield Press,
_c2015.
300 _a289p.
653 _aSocial processes
653 _aEssays on changing India
942 _cBK
999 _c10467
_d10467